| 000 | 00417nam a2200145Ia 4500 | ||
|---|---|---|---|
| 008 | 231129s1996||||xx |||||||||||||| ||spa|| | ||
| 020 | _a84-493-0284-6 | ||
| 040 | _bspa | ||
| 082 | _a306.446 / K99c | ||
| 100 | _aKymlicka Will | ||
| 245 | 0 | _aCiudadania multicultural: una teoria liberal de los derechos de las minorias | |
| 260 | _c1996 | ||
| 264 | _aPaidos | ||
| 942 |
_2ddc _cBKS |
||
| 999 |
_c7047 _d7047 |
||